000 01105naa a2200277 c 4500
001 42749
003 ES-MaCES
005 20140521113958.0
008 120509n2009 sp t 010 | spa d
035 _aCES20120003597v
040 _aES-MaCES
_bspa
_cES-MaCES
100 1 _aGarcía-Perrote Escartín, Ignacio
_913032
245 1 3 _aEl modelo y la organización específica de la gestión de la Seguridad Social
_b: las tendencias descentralizadoras
_cIgnacio García-Perrote Escartín y Jesús R. Mercader Uguina
504 _aBibliografía: p. 564-565
650 4 _aEspaña
_926964
650 4 _aestrategia de gestión
_930591
650 4 _acentralización
_927217
650 4 _aadministración de la seguridad social
_930264
650 4 _aseguridad social
_927034
653 1 0 _aSeguridad Social
773 0 _tLa Seguridad Social a la luz de sus reformas pasadas, presentes y futuras
_gp. 535-565 SR.- 6.0.1. - 54
_w(ES-MaCES)21026
700 1 _918447
_aMercader Uguina, Jesús R.
902 _aARL Artículo de libro
942 _2CES
_cAR
_h3.0.
999 _c42749
_d42749